Guide to house rebuilding costs 2008 (Record no. 108103)
[ view plain ]
| 000 -LEADER | |
|---|---|
| fixed length control field | 01313cam a22002295a 4500 |
| 001 - CONTROL NUMBER | |
| control field | L143212 |
| 008 - FIXED-LENGTH DATA ELEMENTS--GENERAL INFORMATION | |
| fixed length control field | 060405s2008 xxk 000 0 eng u |
| 020 ## - INTERNATIONAL STANDARD BOOK NUMBER | |
| International Standard Book Number | 9781904829744 |
| 022 0# - INTERNATIONAL STANDARD SERIAL NUMBER | |
| International Standard Serial Number | 1350-9500 |
| 035 ## - SYSTEM CONTROL NUMBER | |
| System control number | (Sirsi) u143212 |
| 041 0# - LANGUAGE CODE | |
| Language code of text/sound track or separate title | eng |
| 050 04 - LIBRARY OF CONGRESS CALL NUMBER | |
| Classification number | 690.23 $2 18 |
| 110 2# - MAIN ENTRY--CORPORATE NAME | |
| Corporate name or jurisdiction name as entry element | Building Cost Information Service |
| 9 (RLIN) | 1096 |
| 245 00 - TITLE STATEMENT | |
| Title | Guide to house rebuilding costs 2008 |
| 250 ## - EDITION STATEMENT | |
| Edition statement | 30th (revised) ed. |
| 260 ## - PUBLICATION, DISTRIBUTION, ETC. | |
| Place of publication, distribution, etc. | London |
| Name of publisher, distributor, etc. | RICS |
| Date of publication, distribution, etc. | 2008 |
| 300 ## - PHYSICAL DESCRIPTION | |
| Extent | 112p |
| Dimensions | 30cm. |
| 520 ## - SUMMARY, ETC. | |
| Summary, etc. | Annual publication giving details of rebuilding costs for houses for reinstatement cost assessment. The rebuilding cost tables show the costs for gross external floor area in four regional groups, covering five house types, four age bands, three sizes and three quality bands. The guide also provides: additional costs and adjustments; regional variations; demolition costs; architects and surveyors fees; notes on preparing a reinstatement cost assessment; factors affecting building costs; specification and design notes; and elemental cost tables for different types and age of house. Supplements include the rebuilding cost tables for gross internal floor area and the ABI/BCIS house rebuilding cost index. Appendices. |
| 651 #4 - SUBJECT ADDED ENTRY--GEOGRAPHIC NAME | |
| Geographic name | United Kingdom |
| Chronological subdivision | |
| 690 ## - LOCAL SUBJECT ADDED ENTRY--TOPICAL TERM (OCLC, RLIN) | |
| Topical term or geographic name as entry element | BUILT ENVIRONMENT-BUILDING COSTS |
| 942 ## - ADDED ENTRY ELEMENTS (KOHA) | |
| Suppress in OPAC | 0 |
| Withdrawn status | Lost status | Source of classification or shelving scheme | Damaged status | Not for loan | Home library | Current library | Shelving location | Date acquired | Total Checkouts | Full call number | Barcode | Date last seen | Copy number | Price effective from | Koha item type | Date last checked out |
|---|---|---|---|---|---|---|---|---|---|---|---|---|---|---|---|---|
| Dewey Decimal Classification | London | London | RICS Boxes | 16/04/2008 | RICS 2008/9 | 30072572 | 06/08/2019 | 1 | 06/08/2019 | Archive | ||||||
| Dewey Decimal Classification | London | London | RICS Boxes | 16/04/2008 | RICS 2008/9 | 30072571 | 06/08/2019 | 1 | 06/08/2019 | Reference material | ||||||
| Dewey Decimal Classification | London | London | RICS Boxes | 16/04/2008 | 17 | RICS 2008/9 | 30072570 | 06/08/2019 | 2 | 06/08/2019 | Book | 18/02/2010 | ||||
| Dewey Decimal Classification | London | London | RICS Boxes | 16/04/2008 | 19 | RICS 2008/9 | 30072569 | 06/08/2019 | 3 | 06/08/2019 | Book | 13/11/2009 | ||||
| Dewey Decimal Classification | London | London | Books | 30/04/2008 | 20 | RICS 2008/9 | 30074432 | 06/08/2019 | 4 | 06/08/2019 | Book | 18/01/2010 |